000 00637cam a22002413a 4500
001 19813
003 PGUSA
005 20140828083423.0
008 061114s2006||||xxu|||||s|||||000 | eng d
040 _aPGUSA
_beng
042 _adc
050 4 _aPS
100 1 _aAde, George,
_d1866-1944
245 1 0 _aAde's Fables
_h[electronic resource] /
_cGeorge Ade
260 _bProject Gutenberg,
_c2006
506 _aPublic domain in the USA.
516 _aElectronic text
653 _aAmerican wit and humor
653 _aFables
830 0 _aProject Gutenberg
_v19813
856 4 0 _uhttp://www.gutenberg.org/ebooks/19813
942 _cEB
999 _c249068
_d249068